000 00631nam a2200229Ia 4500
003 OSt
005 20221007081936.0
006 a|||||r|||| 00| 0
007 ta
008 221006b |||||||| |||| 00| 0 eng d
024 _a26,553
037 _cTextual
040 _aFLL
_cFLL
_beng
041 _2eng
_aeng
082 _aZ73:215, K5
100 _aHealy Nicholas J.
_9698341
245 0 _aCases and materials on admiralty
260 _aSt. Paul ,
_bMinn. West Publishing Co. St. Minn.
_c1965
300 _axxv,1-872p
_ccm.
942 _hZ73:215, K5
_cTEXL
_2CC
999 _c1164796
_d1164796